000 00450nam a2200181Ia 4500
001 21109
005 20260306172855.0
008 260306t2014||||xx |||||||||||||| ||spa||
041 _aESP
082 _a344
_bR31 V. 2
100 _aReátegui Sánchez, James
_eAUT
245 0 _aManual de derecho penal:
_bparte general
260 _c2014
300 _apáginas : 759-1490
_c25 cm.
650 _aGEN
654 _aCDE
942 _cLIB
_dJUS
_fJUS
_2ddc
_n
999 _c21109
_d21109